|
|
|
|
| LEADER |
00000cam a2200000 i 4500 |
| 001 |
1/1946 |
| 008 |
950804s1985 gr | ||| |||| ||gre|| |
| 035 |
|
|
|l 10014639
|
| 040 |
|
|
|a GR-MyUa
|b gre
|e AACR2
|
| 041 |
1 |
|
|a gre
|h fre
|
| 082 |
0 |
|
|a 410
|2 (22)
|
| 100 |
1 |
|
|a Martinet, Andre.
|
| 245 |
1 |
0 |
|a Θέματα λειτουργικής σύνταξης /
|c Andre Martinet ; μετάφραση Ελένη Βέλτσου... [κ. ά.].
|
| 260 |
|
|
|a Αθήνα :
|b Νεφέλη,
|c 1985.
|
| 300 |
|
|
|a 341 σ. ;
|c 21 εκ.
|
| 650 |
0 |
0 |
|a Linguistics.
|
| 852 |
|
|
|a INST
|b LESVOS
|e 19950804
|h 410 MAR
|p 005100007585
|q 005100007585
|t BK
|y 0
|
| 852 |
|
|
|a INST
|b RHODES
|e 19990203
|h 410 MAR
|p 005400005515
|q 005400005515
|t BK
|y 0
|
| 901 |
|
|
|a BIBL-199-1
|
| 922 |
|
|
|a 4ΕΛΗ
|b 199806
|c ΚΠΣ/ΔΕ
|d EMVASIS
|